000 01043nam0a22002411 4500
001 rc\475520
005 20260406200225.0
035 _a(NLR Aleph) 005718767
090 _a7456078
_c7456078
100 _a20030616d1988 |||y0rusy50 ca
101 0 _arus
102 _aRU
105 _ay |||||||||
200 1 _aАнтон Семенович Макаренко
_eК 100-летию со дня рождения
_e(Метод.-библиогр. рекомендации)
_fГос. б-ка КиргССР им. В.И. Ленина, Б-ка Респ. ин-та усоверш. учителей
_g[Сост. Осадчая Л.И., Чередниченко Н.И.]
210 _aФрунзе
_cБ. и.
_d1988
215 _a24, [1] с.
_d21
702 1 _aОсадчая
_bЛ.И.
_4220
712 0 2 _aГосударственная библиотека КиргССР им. В. И. Ленина
_cФрунзе
_3RU\NLR\AUTH\889959703
_9415607
801 0 _aRU
_bNLR
_gpsbo
801 1 _aRU
_bELAR
_2rusmarc
852 _aNLR
_j88-4/10057
942 _cBOOK
980 _aNB